Effective business communication (Record no. 592)

MARC details
000 -LEADER
fixed length control field 00381nam a22001577a 4500
005 - DATE AND TIME OF LATEST TRANSACTION
control field 20180412151104.0
008 - FIXED-LENGTH DATA ELEMENTS--GENERAL INFORMATION
fixed length control field 160511b xxu||||| |||| 00| 0 eng d
041 ## - LANGUAGE CODE
Language code of text/sound track or separate title eng
082 ## - DEWEY DECIMAL CLASSIFICATION NUMBER
Item number 1329
Classification number 348
100 ## - MAIN ENTRY--AUTHOR NAME
Personal name Shukla TN
245 ## - TITLE STATEMENT
Title Effective business communication
260 ## - PUBLICATION, DISTRIBUTION, ETC. (IMPRINT)
Name of publisher Blue line Printing Industrial
Year of publication 2003
300 ## - PHYSICAL DESCRIPTION
Number of Pages 79
650 ## - SUBJECT ADDED ENTRY--TOPICAL TERM
Topical Term Management
942 ## - ADDED ENTRY ELEMENTS (KOHA)
Koha item type Books
Holdings
Lost status Damaged status Home library Shelving location Date acquired Cost, normal purchase price Full call number Accession Number Koha item type
    JRU Library Shelf - 9 - N 11/05/2016 70.00 348 1329 Books